[Event "Cappelle la Grande 72/95"]
[Site "?"]
[Date "1998.??.??"]
[Round "?"]
[White "Shipov, Sergei"]
[Black "Apicella, Manuel"]
[Result "1-0"]
[WhiteElo "2620"]
[BlackElo "2520"]
[PlyCount "75"]
[EventDate "1998.??.??"]
[Source "ChessBase"]
[SourceDate "1998.02.01"]

1. d4 d5 2. c4 e6 3. Nf3 c6 4. Qc2 Bd6 5. g3 f5 6. Bg2 Nf6 7. O-O O-O 8. b3 Qe7 9. Ne5 b5 10. Nd2 Bb7 11. Ndf3 bxc4 12. bxc4 c5 13. dxc5 Bxc5 14. Rb1 Ne4 15. Qb3 Bb6 16. Ba3 Nc5 17. Qb5 Nba6 18. cxd5 exd5 19. Rfc1 Rac8 20. Nd3 Rfe8 21. e3 Nc7 22. Bxc5 Nxb5 23. Bxe7 Nc3 24. Bc5 Nxb1 25. Rxb1 Ba6 26. Nb4 Rxc5 27. Nxa6 Ra5 28. Nb4 Kf8 29. Rd1 Bc5 30. Nc6 Rxa2 31. Rxd5 Ra1+ 32. Bf1 Rc1 33. Rxf5+ Kg8 34. Nfd4 Rf8 35. Rxf8+ Kxf8 36. Ne6+ Kf7 37. Nxc5 Rxc5 38. Nxa7 1-0

[Event "32nd TCh-GRE"]
[Site "Kallithea Chalkidiki"]
[Date "2003.07.10"]
[Round "8"]
[White "Mchedlishvili, Mikheil"]
[Black "Agdestein, Simen"]
[Result "1/2-1/2"]
[WhiteElo "2566"]
[BlackElo "2571"]
[PlyCount "40"]
[EventDate "2003.07.04"]
[Source "Roberto Alvarez"]
[SourceDate "2003.07.14"]

1. d4 e6 2. c4 f5 3. g3 Nf6 4. Bg2 c6 5. Nd2 d5 6. Nh3 Bd6 7. O-O O-O 8. Qc2 b6 9. Nf3 Bb7 10. Nf4 Qe7 11. Ng5 Bxf4 12. Bxf4 Na6 13. cxd5 cxd5 14. Rfc1 Ne4 15. Nxe4 dxe4 16. a3 Qd7 17. Be5 Rac8 18. Qb3 Nb8 19. Bxb8 Rxc1+ 20. Rxc1 Rxb8 1/2-1/2

[Event "Yerevan ol (Men)"]
[Site "Yerevan"]
[Date "1996.??.??"]
[Round "12"]
[White "Irzhanov, Ruslan"]
[Black "Agdestein, Simen"]
[Result "1-0"]
[WhiteElo "2535"]
[BlackElo "2600"]
[PlyCount "121"]
[EventDate "1996.09.??"]
[Source "www.chesslib.no"]
[SourceDate "2004.05.04"]

1. d4 e6 2. c4 f5 3. Nf3 Nf6 4. g3 d5 5. Bg2 Bd6 6. O-O c6 7. Bf4 Bxf4 8. gxf4 Nbd7 9. Qc2 Ne4 10. Nc3 Nf8 11. e3 Nd6 12. cxd5 cxd5 13. Na4 Ng6 14. Rfc1 Bd7 15. Nc5 Rc8 16. Qd1 Qe7 17. Rc2 O-O 18. Rac1 Rfd8 19. b3 Be8 20. Nd3 h6 21. Nde5 Kh7 22. Bf1 Nf8 23. Qd2 Bh5 24. Bg2 Rxc2 25. Rxc2 Bxf3 26. Bxf3 Ng6 27. Qa5 Rc8 28. Rxc8 Nxc8 29. Nxg6 Kxg6 30. Qc5 Qd8 31. a4 b6 32. Qc6 Nd6 33. b4 Kf6 34. a5 bxa5 35. bxa5 Ke7 36. a6 Qc8 37. Qa4 Qc3 38. Kg2 g5 39. fxg5 hxg5 40. h3 f4 41. exf4 gxf4 42. Bh5 Qc8 43. Qa5 Qc4 44. Qd2 Qxa6 45. Qxf4 Qa4 46. Qg5+ Kd7 47. Qg7+ Kc6 48. Bg4 Nb5 49. h4 Nxd4 50. h5 Nf5 51. Bxf5 exf5 52. h6 Qe4+ 53. Kh2 Qe2 54. Qg6+ Kc5 55. Qxf5 Qe8 56. h7 Qh8 57. Qg6 a5 58. Kg2 a4 59. Qg8 Qe5 60. h8=Q Qe4+ 61. Kh2 1-0

[Event "USA Ch"]
[Site "United States of America"]
[Date "1989.??.??"]
[Round "?"]
[White "Rohde, Michael A"]
[Black "Gurevich, Mikhail N"]
[Result "0-1"]
[WhiteElo "2540"]
[BlackElo "2590"]
[PlyCount "52"]
[EventDate "1989.11.??"]
[Source "www.chesslib.no"]
[SourceDate "2004.05.04"]

1. d4 f5 2. Nf3 Nf6 3. g3 e6 4. Bg2 d5 5. c4 c6 6. O-O Bd6 7. b3 Qe7 8. Bf4 Bxf4 9. gxf4 O-O 10. e3 Bd7 11. Nc3 Ne4 12. Ne2 Rf6 13. Ne5 Rh6 14. f3 Nd6 15. Rf2 Nf7 16. Bf1 Nxe5 17. dxe5 Na6 18. cxd5 exd5 19. Nd4 Nc7 20. b4 a5 21. bxa5 Rg6+ 22. Rg2 c5 23. Nb3 c4 24. Nd4 Rxa5 25. a4 Qc5 26. Qe1 Ra8 0-1

[Event "CSKA-Lokomotiva"]
[Site "?"]
[Date "1989.??.??"]
[Round "?"]
[White "Vladimirov, E."]
[Black "Dolmatov, S."]
[Result "0-1"]
[WhiteElo "2550"]
[BlackElo "2580"]
[PlyCount "132"]
[EventDate "1989.??.??"]
[Source "ChessBase"]
[SourceDate "1989.01.01"]

1. d4 e6 2. c4 f5 3. g3 Nf6 4. Bg2 c6 5. Nf3 d5 6. O-O Bd6 7. Nc3 O-O 8. Bf4 Bxf4 9. gxf4 b6 10. Ne5 Bb7 11. Qa4 Nfd7 12. Rad1 Nxe5 13. fxe5 Kh8 14. b4 a6 15. Qb3 b5 16. cxb5 axb5 17. a4 bxa4 18. Nxa4 Nd7 19. Ra1 Ba6 20. Qc2 Bc4 21. Qd2 h6 22. Nb2 Bb5 23. Nd3 Qe7 24. Nf4 Kh7 25. h4 g5 26. Nh3 Kg6 27. hxg5 hxg5 28. f4 g4 29. Ng5 Rfb8 30. Kf2 Nf8 31. Rh1 Rxa1 32. Rxa1 Nh7 33. Rh1 Nxg5 34. fxg5 Qxg5 35. Qxg5+ Kxg5 36. Rh7 Ra8 37. e3 Ra2+ 38. Kg3 Re2 39. Rg7+ Kh5 40. Rh7+ Kg6 41. Re7 Rxe3+ 42. Kh4 f4 43. Rxe6+ Kg7 44. Kxg4 Rg3+ 45. Kxf4 Rxg2 46. Rf6 Rf2+ 47. Kg5 Rf1 48. Rg6+ Kf7 49. Rh6 Rg1+ 50. Kf4 Rd1 51. Kf5 Bd3+ 52. Kg5 Rg1+ 53. Kf4 Rf1+ 54. Kg5 Rc1 55. Kf4 Ke7 56. Rh3 Rf1+ 57. Kg5 Bf5 58. Rh6 Be6 59. Rh7+ Rf7 60. Rh4 Rg7+ 61. Kf4 Kd7 62. Kf3 Rf7+ 63. Ke2 Kc7 64. Rh6 Bf5 65. Ke3 Be4 66. Rh3 Rf1 0-1

[Event "Moscow 85/50"]
[Site "?"]
[Date "2002.??.??"]
[Round "?"]
[White "Eljanov, P."]
[Black "Dolmatov, S."]
[Result "1/2-1/2"]
[WhiteElo "2540"]
[BlackElo "2588"]
[PlyCount "91"]
[EventDate "2002.??.??"]
[Source "Chess Informant"]
[SourceDate "2002.06.01"]

1. d4 e6 2. c4 f5 3. g3 Nf6 4. Bg2 c6 5. Nd2 d5 6. Nh3 Bd6 7. O-O O-O 8. Nf3 b6 9. Bf4 Ne4 10. Rc1 Bb7 11. cxd5 exd5 12. Qa4 Qe7 13. Bxd6 Qxd6 14. Nf4 Nd7 15. e3 a5 16. Rfd1 Rac8 17. Nd3 Ba6 18. Nfe5 Nxe5 19. Nxe5 Be2 20. Re1 Bb5 21. Qd1 c5 22. f4 c4 23. g4 Bd7 24. Bxe4 fxe4 25. Rf1 b5 26. Qe1 b4 27. f5 a4 28. Qg3 c3 29. bxc3 Bb5 30. cxb4 Bxf1 31. Rxf1 g5 32. b5 Rc2 33. Qh3 Kg7 34. b6 Rb2 35. Qh5 h6 36. h4 gxh4 37. Kh1 Rxb6 38. g5 hxg5 39. Qxg5+ Kh7 40. Ng6 Rxf5 41. Qxf5 Qxg6 42. Qd7+ Kh6 43. Qd8 h3 44. Qh8+ Qh7 45. Qc8 Qe7 46. Qh8+ 1/2-1/2

[Event "Moscow 87/47"]
[Site "?"]
[Date "2003.??.??"]
[Round "?"]
[White "Avrukh, B."]
[Black "Iljushin, A."]
[Result "1/2-1/2"]
[WhiteElo "2584"]
[BlackElo "2537"]
[PlyCount "122"]
[EventDate "2003.??.??"]
[Source "Chess Informant"]
[SourceDate "2003.02.01"]

1. d4 e6 2. c4 f5 3. g3 Nf6 4. Bg2 c6 5. Nd2 d5 6. Nh3 Bd6 7. O-O O-O 8. Nf3 Nbd7 9. Bf4 Be7 10. Nhg5 Nb6 11. c5 h6 12. cxb6 hxg5 13. Bc7 Qe8 14. bxa7 g4 15. Ne5 Rxa7 16. f3 Qh5 17. a4 g5 18. Rf2 Kg7 19. Bb6 Ra8 20. Bc5 Re8 21. Qd2 gxf3 22. exf3 Bd8 23. h3 Qh6 24. Bd6 Nh5 25. Nd3 Be7 26. Bxe7 Rxe7 27. g4 Nf6 28. a5 f4 29. Bf1 Nd7 30. h4 Qf6 31. Ra4 Rf7 32. hxg5 Qxg5 33. b3 c5 34. Qb2 Kg8 35. Rh2 Qg7 36. dxc5 e5 37. Rh5 e4 38. Qxg7+ Rxg7 39. Rxd5 exd3 40. Bxd3 Nf8 41. Rd6 Be6 42. b4 Rd7 43. Rxd7 Bxd7 44. Ra3 Kf7 45. b5 Ne6 46. c6 bxc6 47. b6 Bc8 48. a6 Nc5 49. b7 Bxb7 50. axb7 Rb8 51. Bc4+ Ke7 52. Ra5 Kd6 53. Ra8 Rxb7 54. Rf8 Rb4 55. Rf6+ Ke5 56. Rf5+ Kd6 57. Bf7 Nd3 58. g5 Rb5 59. Rxb5 cxb5 60. Be8 Ke7 61. Bxb5 Ne5 1/2-1/2